Vive peligrosamente / (Registro nro. 144735)
[ vista simple ]
| 000 -LEADER | |
|---|---|
| campo de control de longitud fija | 00798nam a2200217 i 4500 |
| 001 - NÚMERO DE CONTROL | |
| campo de control | 144735 |
| 003 - IDENTIFICADOR DE NÚMERO DE CONTROL | |
| campo de control | ES-MaACL |
| 005 - FECHA Y HORA DE LA ÚLTIMA TRANSACCIÓN | |
| campo de control | 20251003063130.0 |
| 007 - CAMPO FIJO DE DESCRIPCIÓN FÍSICA--INFORMACIÓN GENERAL | |
| campo de control de longitud fija | t| |
| 008 - DATOS DE LONGITUD FIJA--INFORMACIÓN GENERAL | |
| campo de control de longitud fija | 070214s1965 sp r ||||1| spa d |
| 100 1# - ENTRADA PRINCIPAL--NOMBRE DE PERSONA | |
| Nombre de persona | Skorzeny, Otto, |
| Fechas asociadas al nombre | 1908-1975 |
| 9 (RLIN) | 106756 |
| 245 10 - MENCIÓN DEL TÍTULO | |
| Título | Vive peligrosamente / |
| Mención de responsabilidad, etc. | Otto Skorzeny ; [versión... M.C. ; revisada por A.L. y J.A.Ll.]. |
| 250 ## - MENCION DE EDICION | |
| Mención de edición | 1ª ed. |
| 260 ## - PUBLICACIÓN, DISTRIBUCIÓN, ETC. | |
| Lugar de publicación, distribución, etc. | Barcelona : |
| Nombre del editor, distribuidor, etc. | Acervo, |
| Fecha de publicación, distribución, etc. | 1965 ( |
| Fabricante | G.A.S.A.) |
| 300 ## - DESCRIPCIÓN FÍSICA | |
| Extensión | 386 p., [7] h. de lám. ; |
| Dimensiones | 20 cm. |
| 650 ## - PUNTO DE ACCESO ADICIONAL DE MATERIA--TÉRMINO DE MATERIA | |
| Término de materia o nombre geográfico como elemento de entrada | Guerra mundial, 1939-1945- |
| Subdivisión general | Servicios secretos- |
| Subdivisión geográfica | Alemania. |
| 9 (RLIN) | 163961 |
| 650 #4 - PUNTO DE ACCESO ADICIONAL DE MATERIA--TÉRMINO DE MATERIA | |
| Término de materia o nombre geográfico como elemento de entrada | Guerra mundial, 1939-1945- |
| Subdivisión de forma | Relatos personales alemanes. |
| 9 (RLIN) | 13255 |
| 650 #4 - PUNTO DE ACCESO ADICIONAL DE MATERIA--TÉRMINO DE MATERIA | |
| Término de materia o nombre geográfico como elemento de entrada | Guerra mundial, 1939-1945- |
| Subdivisión general | Operaciones de comandos. |
| 9 (RLIN) | 163962 |
| 852 ## - LOCALIZACIÓN | |
| Ubicación | ES-MaACL |
| Número de control de estantería | C-27844 |
| Estatus retirado | Estado de pérdida | Estado de daño | No para préstamo | Biblioteca de origen | Biblioteca actual | Ubicación en estantería | Fecha de adquisición | Fuente de adquisición | Total de préstamos | Signatura topográfica completa | Código de barras | Visto por última vez | Precio de reemplazo | Tipo de ítem Koha |
|---|---|---|---|---|---|---|---|---|---|---|---|---|---|---|
| Biblioteca del Ateneo de Madrid | Biblioteca del Ateneo de Madrid | Depósito 2 | 17/01/2008 | C-27844 | 1150924 | 23/02/2023 | 23/02/2023 | Libro impreso |
